Dobrovoľné nástroje environmentálnej výrobkovej politiky

Environmentálne hodnotenie a označovanie výrobkov - ekolabeling, všeobecné ciele a princípy. Environmentálne označovanie výrobkov vo svete. Národný program environmentálneho hodnotenia a označovania výrobkov v Slovenskej republike. Environmentálna značka poskytuje pozitívnu informáciu o výrobku z hľ...

Ausführliche Beschreibung

Gespeichert in:
Bibliographische Detailangaben
1. Verfasser: Vybíralová, Júlia
Format: Buchkapitel
Sprache:Slowakisch
Schlagworte:
Tags: Tag hinzufügen
Keine Tags, Fügen Sie das erste Tag hinzu!

MARC

LEADER 00000nla$a2200000$$$4500
001 0066919
005 20240502071811.1
041 0 |a slo 
044 |a SK 
245 1 0 |a Dobrovoľné nástroje environmentálnej výrobkovej politiky  |c Júlia Vybíralová 
520 |a Environmentálne hodnotenie a označovanie výrobkov - ekolabeling, všeobecné ciele a princípy. Environmentálne označovanie výrobkov vo svete. Národný program environmentálneho hodnotenia a označovania výrobkov v Slovenskej republike. Environmentálna značka poskytuje pozitívnu informáciu o výrobku z hľadiska ochrany životného prostredia pre spotrebiteľov, výrobcov a dovozcov, pričom je determinovaná špecifickými požiadavkami stanovujúcimi nadštandardné environmantálne prijateľné parametre, ktoré odlišujú výrobok environmentálne vyhovujúci od ostatných výrobkov danej výrobkovej skupiny a zároveň prezentuje environmentálny profil daného výrobku. 
610 2 0 |a označovanie tovarov 
610 2 0 |a produkty environmentálne 
610 2 0 |a značky environmentálne 
610 2 0 |a svet 
610 2 0 |a Slovensko 
100 1 |a Vybíralová, Júlia